000 00309 a2200145 4500
999 _c12018
_d12018
003 OSt
005 20240111140152.0
008 240111b ||||| |||| 00| 0 eng d
020 _a9788972129844
082 _a720
100 _aA & C
245 _aArchitecture Details vol4
260 _bA & C
942 _2ddc